| 000 | 00880nam a22002897a 4500 | ||
|---|---|---|---|
| 001 | BR9602795 | ||
| 003 | BR-BrBNA | ||
| 005 | 20230928095011.0 | ||
| 007 | ta | ||
| 008 | 230509b bl.||||| |||| 00| 0 por d | ||
| 040 |
_aBR-BrBNA _bpor _cBiblioteca Nacional de Agricultura |
||
| 041 | _a187 p. | ||
| 072 | _aE14; E71; E16 | ||
| 090 | _ E14 BR9602795 | ||
| 110 | 1 |
_aSociedade Brasileira de Economia Rural, Brasilia, DF (Brasil) _99684 |
|
| 111 | 1 |
_a20. Congresso Brasileiro de Economia e Sociologia Rural _cCuritiba, PR (Brazil) _d26-29 JUl 1982 |
|
| 245 | 1 | _aAgricultura: prioridade ou instrumento | |
| 260 | 3 | _bBrasilia, DF (Brazil), | |
| 300 | _a1982 | ||
| 500 | _a(Por) | ||
| 650 | _aTransferencia de Tecnologia | ||
| 650 | _aTecnologia Agricola | ||
| 650 | _aExportacao | ||
| 650 | _aSistema de Producao | ||
| 909 |
_a202309 _bLucia _c55 _dLucia Elande |
||
| 942 | _cBK | ||
| 999 |
_c53915 _d53915 |
||